<?xml version="1.0" encoding="UTF-8"?>
<collection xmlns="http://www.loc.gov/MARC21/slim">
 <record>
  <leader>02897nam a2200289 a 4500</leader>
  <controlfield tag="001">1/45261</controlfield>
  <controlfield tag="008">140821s2009    us            001 0 eng  </controlfield>
  <datafield tag="020" ind1=" " ind2=" ">
   <subfield code="a">9781597490368</subfield>
  </datafield>
  <datafield tag="020" ind1=" " ind2=" ">
   <subfield code="a">1597490369</subfield>
  </datafield>
  <datafield tag="035" ind1=" " ind2=" ">
   <subfield code="l">48220</subfield>
  </datafield>
  <datafield tag="040" ind1=" " ind2=" ">
   <subfield code="a">OPELS</subfield>
   <subfield code="b">eng</subfield>
   <subfield code="c">OPELS</subfield>
   <subfield code="d">OPELS</subfield>
   <subfield code="d">OCLCQ</subfield>
   <subfield code="d">OCLCF</subfield>
   <subfield code="d">GR-PeUP</subfield>
  </datafield>
  <datafield tag="100" ind1="1" ind2=" ">
   <subfield code="a">Lahti, Christian.</subfield>
  </datafield>
  <datafield tag="245" ind1="1" ind2="0">
   <subfield code="a">Sarbanes-Oxley</subfield>
   <subfield code="h">[electronic resource] :</subfield>
   <subfield code="b">IT compliance using COBIT and open source tools /</subfield>
   <subfield code="c">Christian B. Lahti, Roderick Peterson.</subfield>
  </datafield>
  <datafield tag="260" ind1=" " ind2=" ">
   <subfield code="a">Rockland, MA :</subfield>
   <subfield code="b">Syngress Pub.,</subfield>
   <subfield code="c">c2005.</subfield>
  </datafield>
  <datafield tag="300" ind1=" " ind2=" ">
   <subfield code="a">1 online resource (xxvi, 333 p.) :</subfield>
   <subfield code="b">ill.</subfield>
  </datafield>
  <datafield tag="520" ind1=" " ind2=" ">
   <subfield code="a">This book illustrates the many Open Source cost savings opportunities available to companies seeking Sarbanes-Oxley compliance. It also provides examples of the Open Source infrastructure components that can and should be made compliant. In addition, the book clearly documents which Open Source tools you should consider using in the journey towards compliance. Although many books and reference material have been authored on the financial and business side of Sox compliance, very little material is available that directly address the information technology considerations, even less so on how Open Source fits into that discussion. Each chapter begins with an analysis of the business and technical ramifications of Sarbanes-Oxley as regards to topics covered before moving into the detailed instructions on the use of the various Open Source applications and tools relating to the compliance objectives. The bootable CD contains fully configured demonstrations of Open Source tools. * Shows companies how to use Open Source tools to achieve SOX compliance, which dramatically lowers the cost of using proprietary, commercial applications * Contains a bootable-Linux CD containing countless applications, forms, and checklists to assist companies in achieving SOX compliance * Only SOX compliance book specifically detailing steps to achieve SOX compliance for IT Professionals.</subfield>
  </datafield>
  <datafield tag="505" ind1="0" ind2=" ">
   <subfield code="a">Introduction The Goals of this Book -- Chapter 1: Sox and Cobit Defined -- Chapter 2: Cost of Compliance -- Chapter 3: Why Open Source -- Chapter 4: Domain 1 -- Planning and Organization Chapter 5: Domain 2 -- Acquisition and Implementation Chapter 6: Domain 3 -- Delivery and Support -- Chapter 7: Domain 4 -- Monitoring -- Chapter 8: The Bottom Line -- Appendix -- CD Contents At a Glance.</subfield>
  </datafield>
  <datafield tag="500" ind1=" " ind2=" ">
   <subfield code="a">Includes index.</subfield>
  </datafield>
  <datafield tag="650" ind1=" " ind2="4">
   <subfield code="a">Information technology</subfield>
   <subfield code="x">Management.</subfield>
  </datafield>
  <datafield tag="610" ind1="1" ind2="0">
   <subfield code="a">United States.</subfield>
   <subfield code="t">Sarbanes-Oxley Act of 2002.</subfield>
  </datafield>
  <datafield tag="630" ind1="0" ind2="4">
   <subfield code="a">Sarbanes-Oxley Act of 2002 (United States)</subfield>
  </datafield>
  <datafield tag="655" ind1=" " ind2="4">
   <subfield code="a">Electronic books.</subfield>
  </datafield>
  <datafield tag="700" ind1="1" ind2=" ">
   <subfield code="a">Peterson, Roderick.</subfield>
  </datafield>
  <datafield tag="852" ind1=" " ind2=" ">
   <subfield code="a">INST</subfield>
   <subfield code="b">UNIPILB</subfield>
   <subfield code="c">EBOOKS</subfield>
   <subfield code="e">20140821</subfield>
   <subfield code="p">00b48220</subfield>
   <subfield code="q">00b48220</subfield>
   <subfield code="t">ONLINE</subfield>
   <subfield code="y">0</subfield>
  </datafield>
  <datafield tag="856" ind1="4" ind2="0">
   <subfield code="3">ScienceDirect</subfield>
   <subfield code="u">http://www.sciencedirect.com/science/book/9781597490368</subfield>
  </datafield>
  <datafield tag="856" ind1="4" ind2=" ">
   <subfield code="d">/webopac/covers/03/48220_9781597490368.jpg</subfield>
  </datafield>
  <datafield tag="856" ind1="4" ind2=" ">
   <subfield code="d">/webopac/covers/03/48220_1597490369.jpg</subfield>
  </datafield>
 </record>
</collection>
